MLB Team Leaders (2024) - Statistics

General Stats
  • This quiz has been taken 89 times
  • The average score is 88 of 270
Answer Stats
Team Stat Player % Correct
Yankees Batting Avg. Aaron Judge
98%
Yankees Home Runs Aaron Judge
93%
Yankees OPS Aaron Judge
93%
Yankees Hits Aaron Judge
92%
Orioles Batting Avg. Gunnar Henderson
69%
Yankees Stolen Bases Anthony Volpe
67%
Orioles Hits Gunnar Henderson
67%
Orioles OPS Gunnar Henderson
64%
Orioles ERA Corbin Burnes
61%
Orioles Strikeouts Corbin Burnes
61%
Yankees Saves Clay Holmes
56%
Orioles Home Runs Anthony Santander
54%
Orioles Stolen Bases Cedric Mullins
51%
Astros Hits Jose Altuve
51%
Dodgers Hits Shohei Ohtani
51%
Dodgers Home Runs Shohei Ohtani
51%
Dodgers OPS Shohei Ohtani
51%
Dodgers Stolen Bases Shohei Ohtani
51%
Astros Home Runs Yordan Alvarez
51%
Astros OPS Yordan Alvarez
51%
Yankees Strikeouts Carlos Rodon
49%
Red Sox Batting Avg. Jarren Duran
49%
Red Sox Hits Jarren Duran
49%
Guardians Hits Jose Ramirez
49%
Guardians Home Runs Jose Ramirez
49%
Guardians OPS Jose Ramirez
49%
Phillies Home Runs Kyle Schwarber
49%
Red Sox Home Runs Rafael Devers
49%
Dodgers Batting Avg. Shohei Ohtani
49%
Astros Batting Avg. Yordan Alvarez
49%
Phillies ERA Zack Wheeler
49%
Phillies Wins Zack Wheeler
49%
Phillies Strikeouts Zack Wheeler
49%
Rangers Batting Avg. Corey Seager
48%
Rangers Home Runs Corey Seager
48%
Rangers OPS Corey Seager
48%
Mets Batting Avg. Francisco Lindor
48%
Mets Hits Francisco Lindor
48%
Mets OPS Francisco Lindor
48%
D-Backs Batting Avg. Ketel Marte
48%
Mets Home Runs Pete Alonso
48%
Red Sox OPS Rafael Devers
48%
Yankees Wins Carlos Rodon
46%
Reds Batting Avg. Elly De La Cruz
46%
Reds Hits Elly De La Cruz
46%
Reds Home Runs Elly De La Cruz
46%
Reds OPS Elly De La Cruz
46%
Reds Stolen Bases Elly De La Cruz
46%
Guardians Saves Emmanuel Clase
46%
Astros ERA Framber Valdez
46%
Astros Wins Framber Valdez
46%
Mets Stolen Bases Francisco Lindor
46%
Astros Stolen Bases Jose Altuve
46%
D-Backs Home Runs Ketel Marte
46%
D-Backs OPS Ketel Marte
46%
Guardians Batting Avg. Steven Kwan
46%
Blue Jays Batting Avg. Vladimir Guerrero Jr.
46%
Blue Jays Hits Vladimir Guerrero Jr.
46%
Blue Jays Home Runs Vladimir Guerrero Jr.
46%
Blue Jays OPS Vladimir Guerrero Jr.
46%
Royals Batting Avg. Bobby Witt Jr.
44%
Royals Hits Bobby Witt Jr.
44%
Royals Home Runs Bobby Witt Jr.
44%
Royals OPS Bobby Witt Jr.
44%
Phillies OPS Bryce Harper
44%
Phillies Batting Avg. Trea Turner
44%
D-Backs ERA Zac Gallen
44%
D-Backs Wins Zac Gallen
44%
D-Backs Stolen Bases Corbin Carroll
43%
Braves Batting Avg. Marcell Ozuna
43%
Braves Hits Marcell Ozuna
43%
Braves Home Runs Marcell Ozuna
43%
Braves OPS Marcell Ozuna
43%
Rangers Hits Marcus Semien
43%
Phillies Hits Alec Bohm
41%
Mariners Home Runs Cal Raleigh
41%
Mets Saves Edwin Diaz
41%
White Sox ERA Garrett Crochet
41%
White Sox Wins Garrett Crochet
41%
White Sox Strikeouts Garrett Crochet
41%
Astros Saves Josh Hader
41%
Mariners Batting Avg. Julio Rodriguez
41%
Mariners Hits Julio Rodriguez
41%
Mariners OPS Cal Raleigh
39%
Guardians Stolen Bases Jose Ramirez
39%
Mariners Wins Luis Castillo
39%
Padres Home Runs Manny Machado
39%
Tigers ERA Tarik Skubal
39%
Tigers Wins Tarik Skubal
39%
Tigers Strikeouts Tarik Skubal
39%
Pirates Batting Avg. Bryan Reynolds
38%
Pirates Hits Bryan Reynolds
38%
Pirates Home Runs Bryan Reynolds
38%
Pirates OPS Bryan Reynolds
38%
Braves ERA Chris Sale
38%
Braves Wins Chris Sale
38%
Braves Strikeouts Chris Sale
38%
Orioles Saves Craig Kimbrel
38%
Mariners ERA Logan Gilbert
38%
Mariners Strikeouts Logan Gilbert
38%
Dodgers Strikeouts Tyler Glasnow
38%
Athletics Batting Avg. Brent Rooker
36%
Athletics Hits Brent Rooker
36%
Athletics Home Runs Brent Rooker
36%
Athletics OPS Brent Rooker
36%
Red Sox Saves Kenley Jansen
36%
Giants ERA Logan Webb
36%
Giants Wins Logan Webb
36%
Giants Strikeouts Logan Webb
36%
Brewers Batting Avg. William Contreras
36%
Brewers Hits William Contreras
36%
Brewers OPS William Contreras
36%
Brewers Home Runs Willy Adames
36%
Rays Batting Avg. Yandy Diaz
36%
Rays Hits Yandy Diaz
36%
Phillies Stolen Bases Bryson Stott
34%
Blue Jays Stolen Bases George Springer
34%
Reds ERA Hunter Greene
34%
Reds Strikeouts Hunter Greene
34%
Rangers ERA Nathan Eovaldi
34%
Rangers Wins Nathan Eovaldi
34%
Rangers Strikeouts Nathan Eovaldi
34%
Royals ERA Seth Lugo
34%
Royals Wins Seth Lugo
34%
Cubs ERA Shota Imanaga
34%
Cubs Wins Shota Imanaga
34%
Red Sox ERA Tanner Houck
34%
Red Sox Strikeouts Tanner Houck
34%
Rays OPS Yandy Diaz
34%
Brewers ERA Freddy Peralta
33%
Yankees ERA Marcus Stroman
33%
Tigers Home Runs Riley Greene
33%
Cubs Strikeouts Shota Imanaga
33%
Red Sox Wins Brayan Bello
31%
Giants Saves Camilo Doval
31%
Brewers Strikeouts Freddy Peralta
31%
Blue Jays ERA Jose Berrios
31%
Blue Jays Wins Jose Berrios
31%
Athletics Saves Mason Miller
31%
Giants Batting Avg. Matt Chapman
31%
Giants Hits Matt Chapman
31%
Giants Home Runs Matt Chapman
31%
Giants OPS Matt Chapman
31%
Cubs Hits Nico Hoerner
31%
Pirates Stolen Bases Oneil Cruz
31%
Cardinals Saves Ryan Helsley
31%
Cardinals ERA Sonny Gray
31%
Cardinals Wins Sonny Gray
31%
Cardinals Strikeouts Sonny Gray
31%
Guardians ERA Tanner Bibee
31%
Reds Saves Alexis Diaz
30%
Nationals Home Runs C.J. Abrams
30%
Padres Wins Dylan Cease
30%
Padres Strikeouts Dylan Cease
30%
Marlins Batting Avg. Jake Burger
30%
Marlins Hits Jake Burger
30%
Marlins Home Runs Jake Burger
30%
Marlins OPS Jake Burger
30%
Padres Batting Avg. Luis Arraez
30%
D-Backs Saves Paul Sewald
30%
Tigers OPS Riley Greene
30%
Cubs Batting Avg. Seiya Suzuki
30%
Guardians Strikeouts Tanner Bibee
30%
Angels Hits Taylor Ward
30%
Mariners Saves Andres Munoz
28%
Royals Strikeouts Cole Ragans
28%
Rockies Hits Ezequiel Tovar
28%
Orioles Wins Grayson Rodriguez
28%
Padres OPS Jurickson Profar
28%
Cardinals Batting Avg. Masyn Winn
28%
Cardinals Hits Masyn Winn
28%
Cubs Stolen Bases Nico Hoerner
28%
Braves Saves Raisel Iglesias
28%
Padres Saves Robert Suarez
28%
Pirates Saves David Bednar
26%
Padres Hits Jackson Merrill
26%
Twins Wins Pablo Lopez
26%
Twins Strikeouts Pablo Lopez
26%
Braves Stolen Bases Ronald Acuna
26%
Cubs OPS Seiya Suzuki
26%
Brewers Stolen Bases Brice Turang
25%
Dodgers Saves Evan Phillips
25%
Padres Stolen Bases Ha-Seong Kim
25%
Cubs Home Runs Ian Happ
25%
Twins Saves Jhoan Duran
25%
Padres ERA Michael King
25%
Twins Home Runs Ryan Jeffers
25%
Mets ERA Sean Manaea
25%
Mets Strikeouts Sean Manaea
25%
Angels Batting Avg. Zach Neto
25%
D-Backs Strikeouts Brandon Pfaadt
23%
Rockies Home Runs Brenton Doyle
23%
Rockies OPS Brenton Doyle
23%
Rockies Stolen Bases Brenton Doyle
23%
Astros Strikeouts Hunter Brown
23%
Twins ERA Joe Ryan
23%
Phillies Saves Jose Alvarado
23%
Nationals Saves Kyle Finnegan
23%
Mets Wins Sean Manaea
23%
Angels OPS Zach Neto
23%
Angels Stolen Bases Zach Neto
23%
White Sox Home Runs Andrew Benintendi
21%
White Sox Hits Andrew Vaughn
21%
Blue Jays Strikeouts Chris Bassitt
21%
Royals Stolen Bases Maikel Garcia
21%
Angels ERA Tyler Anderson
21%
Angels Wins Tyler Anderson
21%
Angels Strikeouts Tyler Anderson
21%
Cardinals Home Runs Alec Burleson
20%
Cardinals OPS Alec Burleson
20%
Dodgers ERA Gavin Stone
20%
Dodgers Wins Gavin Stone
20%
Rangers Stolen Bases Leody Taveras
20%
Pirates ERA Mitch Keller
20%
Pirates Wins Mitch Keller
20%
Pirates Strikeouts Mitch Keller
20%
Marlins Saves Tanner Scott
20%
Athletics Stolen Bases Zack Gelof
20%
Red Sox Stolen Bases David Hamilton
18%
Angels Home Runs Jo Adell
18%
Rays Home Runs Jose Siri
18%
White Sox Stolen Bases Luis Robert Jr.
18%
Angels Saves Ben Joyce
16%
Athletics ERA J.P. Sears
16%
Athletics Wins J.P. Sears
16%
Athletics Strikeouts J.P. Sears
16%
Rangers Saves Kirby Yates
16%
Nationals Strikeouts MacKenzie Gore
16%
Rays Saves Pete Fairbanks
16%
Reds Wins Andrew Abbott
15%
Rockies Batting Avg. Brendan Rodgers
15%
Marlins ERA Edward Cabrera
15%
D-Backs Hits Lourdes Gurriel
15%
Marlins Stolen Bases Xavier Edwards
15%
Brewers Wins Colin Rea
13%
Marlins Strikeouts Edward Cabrera
13%
Royals Saves James McArthur
13%
Rays Stolen Bases Jose Caballero
13%
Nationals Batting Avg. Luis Garcia
13%
Nationals Hits Luis Garcia
13%
Nationals OPS Luis Garcia
13%
Tigers Batting Avg. Matt Vierling
13%
Tigers Hits Matt Vierling
13%
Rays Strikeouts Taj Bradley
13%
Giants Stolen Bases Tyler Fitzgerald
13%
Nationals Stolen Bases Jacob Young
11%
Nationals ERA Jake Irvin
11%
Nationals Wins Jake Irvin
11%
Twins Batting Avg. Willi Castro
11%
Twins Hits Willi Castro
11%
Twins Stolen Bases Willi Castro
11%
Rockies ERA Cal Quantrill
10%
Rockies Wins Cal Quantrill
10%
Twins OPS Carlos Santana
10%
Blue Jays Saves Chad Green
10%
Tigers Saves Jason Foley
10%
Guardians Wins Ben Lively
8%
Cubs Saves Hector Neris
8%
Rockies Strikeouts Ryan Feltner
8%
Brewers Saves Trevor Megill
8%
Mariners Stolen Bases Dylan Moore
5%
White Sox Batting Avg. Gavin Sheets
5%
White Sox OPS Gavin Sheets
5%
Marlins Wins Tanner Scott
5%
Cardinals Stolen Bases Michael Siani
3%
White Sox Saves Tanner Banks
3%
Tigers Stolen Bases Zach McKinstry
3%
Rockies Saves Jalen Beeks
2%
Rays ERA Garrett Cleavinger
0%
Rays Wins Garrett Cleavinger
0%
No matching quizzes found
Score Distribution
Percent of People with Each Score
Percentile by Number Answered
Your Score History
You have not taken this quiz